000 00318nam a22001337a 4500
008 171013b xxu||||| |||| 00| 0 eng d
020 _a9780131186101
041 _aeng
080 _a316
100 _a50
101 _aSOC
245 _aTHE CONVERGENCE OF RACE, ETHNICITY AND GENDER
_cROBINSON, T.L
942 _2udc
_cBK
999 _c33557
_d33557